<?xml version="1.0" encoding="UTF-8"?>
<record
    xmlns:xsi="http://www.w3.org/2001/XMLSchema-instance"
    xsi:schemaLocation="http://www.loc.gov/MARC21/slim http://www.loc.gov/standards/marcxml/schema/MARC21slim.xsd"
    xmlns="http://www.loc.gov/MARC21/slim">

  <leader>01240    a2200217   4500</leader>
  <controlfield tag="005">20080826120726.0</controlfield>
  <controlfield tag="008">080826t        xxu||||| |||| 00| 0 hin d</controlfield>
  <datafield tag="010" ind1=" " ind2=" ">
    <subfield code="a">HIN-83113</subfield>
  </datafield>
  <datafield tag="020" ind1=" " ind2=" ">
    <subfield code="a">8189457055</subfield>
    <subfield code="c">400.00</subfield>
  </datafield>
  <datafield tag="035" ind1=" " ind2=" ">
    <subfield code="a">HN-55459</subfield>
  </datafield>
  <datafield tag="037" ind1=" " ind2=" ">
    <subfield code="b">&#x92A;&#x941;.&#x92A;&#x94D;&#x930;.&#x905;.&#x92A;&#x94D;&#x930; /&#x92A;&#x94D;&#x930;&#x915;&#x93E;</subfield>
  </datafield>
  <datafield tag="082" ind1=" " ind2=" ">
    <subfield code="a">181.499</subfield>
  </datafield>
  <datafield tag="100" ind1=" " ind2=" ">
    <subfield code="a">&#x936;&#x941;&#x915;&#x94D;&#x932;, &#x938;&#x94B;&#x92E;&#x928;&#x93E;&#x925;</subfield>
  </datafield>
  <datafield tag="245" ind1=" " ind2=" ">
    <subfield code="a">&#x905;&#x930;&#x935;&#x93F;&#x928;&#x94D;&#x926;&#x903; &#x92C;&#x940;&#x938;&#x935;&#x940;&#x902; &#x936;&#x924;&#x940; &#x915;&#x947; &#x930;&#x93E;&#x91C;&#x928;&#x940;&#x924;&#x93F;&#x915; &#x935;&#x93F;&#x91A;&#x93E;&#x930;&#x915; /</subfield>
    <subfield code="c">&#x938;&#x94B;&#x92E;&#x928;&#x93E;&#x925; &#x936;&#x941;&#x915;&#x94D;&#x932;</subfield>
  </datafield>
  <datafield tag="246" ind1=" " ind2=" ">
    <subfield code="a">Arvind : beesavi shati ke  rajnitik vicharak</subfield>
    <subfield code="b">by Somnath Shukla</subfield>
  </datafield>
  <datafield tag="260" ind1=" " ind2=" ">
    <subfield code="a">&#x915;&#x93E;&#x928;&#x92A;&#x941;&#x930;</subfield>
    <subfield code="b">&#x906;&#x936;&#x940;&#x937; &#x92A;&#x94D;&#x930;&#x915;&#x93E;&#x936;&#x928;</subfield>
    <subfield code="c">2007</subfield>
  </datafield>
  <datafield tag="270" ind1=" " ind2=" ">
    <subfield code="a">6-7 &#x91C;&#x940;.&#x92E;&#x93E;&#x928;&#x938;&#x930;&#x94B;&#x935;&#x930; &#x915;&#x93E;&#x92E;&#x94D;&#x92A;&#x94D;&#x932;&#x947;&#x915;&#x94D;&#x938;,(&#x917;&#x94B;&#x92A;&#x93E;&#x932; &#x91F;&#x93E;&#x915;&#x940;&#x91C;),&#x92A;&#x940;.&#x930;&#x94B;&#x921;</subfield>
    <subfield code="b">&#x915;&#x93E;&#x928;&#x92A;&#x941;&#x930;</subfield>
    <subfield code="e">12</subfield>
    <subfield code="k">9415129773, 9415134300</subfield>
  </datafield>
  <datafield tag="300" ind1=" " ind2=" ">
    <subfield code="a">304&#x92A;&#x943;</subfield>
    <subfield code="c">22 &#x938;&#x947;&#x92E;&#x940; (&#x938;&#x91C;&#x93F;&#x932;&#x94D;&#x926;)</subfield>
  </datafield>
  <datafield tag="942" ind1=" " ind2=" ">
    <subfield code="a">dpl</subfield>
    <subfield code="c">HN</subfield>
    <subfield code="k">181.499 /  &#x936;&#x941;&#x915;&#x94D;&#x932;&#x938;&#x94B;</subfield>
    <subfield code="2">ddc</subfield>
    <subfield code="h">181.499</subfield>
    <subfield code="m">&#x936;&#x941;&#x915;&#x94D;&#x932;&#x938;&#x94B;</subfield>
  </datafield>
  <datafield tag="999" ind1=" " ind2=" ">
    <subfield code="c">11701</subfield>
    <subfield code="d">11701</subfield>
  </datafield>
  <datafield tag="952" ind1=" " ind2=" ">
    <subfield code="0">0</subfield>
    <subfield code="1">0</subfield>
    <subfield code="4">0</subfield>
    <subfield code="7">0</subfield>
    <subfield code="a">DBAD</subfield>
    <subfield code="b">DBAD</subfield>
    <subfield code="d">0000-00-00</subfield>
    <subfield code="g">400.00</subfield>
    <subfield code="l">0</subfield>
    <subfield code="o">181.499 &#x936;&#x941;&#x915;&#x94D;&#x932;&#x938;&#x94B;</subfield>
    <subfield code="p">HN-55459</subfield>
    <subfield code="r">2008-09-15 00:00:00</subfield>
    <subfield code="t">1</subfield>
    <subfield code="u">12815</subfield>
    <subfield code="v">400.00</subfield>
    <subfield code="w">2008-09-15</subfield>
    <subfield code="y">HN</subfield>
  </datafield>
</record>
